000
00254nam a2200097Ia 4500
082
_a
LP EF HOLM
245
0
_a
Destiny range
100
_a
HOLMES, L P Bath, 2009 Large print ed
_9
74045
942
_c
BK
008
210817s9999 xx 000 0 und d
999
_c
396586
_d
396585